| 000 -CABECERA |
| Longitud fija campo de control |
00748nam a22002177a 4500 |
| 003 - IDENTIFICADOR DEL NÚMERO DE CONTROL |
| Identificador del número de control |
OSt |
| 005 - FECHA Y HORA DE LA ÚLTIMA TRANSACCIÓN |
| Fecha y hora de la última transacción |
20131025111628.0 |
| 008 - CÓDIGOS DE INFORMACIÓN DE LONGITUD FIJA |
| Códigos de información de longitud fija |
130507s1946 sp ||||| |||| 00| 0 spa d |
| 040 ## - FUENTE DE LA CATALOGACIÓN |
| Centro transcriptor |
CDMR |
| 100 1# - PUNTO DE ACCESO PRINCIPAL-NOMBRE DE PERSONA |
| 9 (RLIN) |
3335 |
| Nombre de persona |
Álvarez Solís, Antonio |
| Fechas asociadas al nombre |
1902-1950 |
| 245 10 - MENCIÓN DE TÍTULO |
| Título |
Desde el Polo Norte |
| Resto del título |
: anecdotario, recuerdos y divagaciones de un periodista |
| Mención de responsabilidad, etc. |
Antonio Alvarez Solís |
| 260 ## - PUBLICACIÓN, DISTRIBUCIÓN, ETC. (PIE DE IMPRENTA) |
| Lugar de publicación, distribución, etc. |
Barcelona |
| Nombre del editor, distribuidor, etc. |
Vives |
| Fecha de publicación, distribución, etc. |
1946 |
| 300 ## - DESCRIPCIÓN FÍSICA |
| Extensión |
256 p. |
| 490 0# - MENCIÓN DE SERIE |
| Mención de serie |
Cosmos |
| 500 ## - NOTA GENERAL |
| Nota general |
Títol a la coberta: Desde el Polo Norte, anecdotario político |
| 600 1# - PUNTO DE ACCESO ADICIONAL DE MATERIA - NOMBRE DE PERSONA |
| 9 (RLIN) |
3335 |
| Nombre de persona |
Álvarez Solís, Antonio |
| Fechas asociadas al nombre |
1902-1950 |
| Subdivisión de forma (R ) |
Recull d'escrits |
| 650 04 - PUNTO DE ACCESO ADICIONAL DE MATERIA - TÉRMINO DE MATERIA |
| 9 (RLIN) |
3163 |
| Término de materia o nombre geográfico como elemento inicial |
Premsa política |
| 650 04 - PUNTO DE ACCESO ADICIONAL DE MATERIA - TÉRMINO DE MATERIA |
| 9 (RLIN) |
458 |
| Término de materia o nombre geográfico como elemento inicial |
Política |
| Subdivisión de forma |
Reculls d'escrits |
| 650 04 - PUNTO DE ACCESO ADICIONAL DE MATERIA - TÉRMINO DE MATERIA |
| 9 (RLIN) |
4187 |
| Término de materia o nombre geográfico como elemento inicial |
Periodisme |
| Subdivisión de materia general |
Anècdotes |
| 942 ## - ENTRADA DE ELEMENTOS AGREGADOS (KOHA) |
| Fuente de clasificaión o esquema |
|
| Koha [por defecto] tipo de item |
Monografies |